000 01677 a2200217 4500
001 15431
005 20260407155450.0
008 260407a1999 arg spa d
003 AR-UNSa-BCEJYS
040 _aAR-UNSa-BCEJYS
_bspa
_cAR-UNSa-BCEJYS
080 _a368
_xSeguros. Provisión comunitaria mediante participación en los riesgos
245 1 0 _aRégimen legal del seguro
_pLey 17.418
020 _a950-727-224-0
264 1 _aBuenos Aires :
_bRubinzal-Culzoni Editores
_c1999
300 _a560 p.
_c22 cm.
505 _aI. Disposiciones generales: 1. Concepto y celebración - 2. Reticencia - 3. Póliza - 4. Denuncias y declaraciones - 5. Competencia y domicilio - 6. Plazo - 7. Por cuenta ajena - 8. Prima - 9. Caducidad - 10. Agravación del riesgo - 11. Denuncia del siniestro - 12. Vencimiento de la obligación del asegurador - 13. Rescisión por siniestro parcial - 14. Intervención de auxiliares en la celebración del contrato - 15. Determinación de la indemnización. Juicio pericial - 16. Prescripción -- II. Seguro de daños patrimoniales: 1. Disposiciones generales - 2. Pluralidad de seguros - 3. Provocación de siniestro - 4. Salvamento y verificación de los daños - 5. Subrogación - 6. Desaparición del interés o cambio de titular - 7. Hipoteca. Prenda - 8. Seguro de incendio - 9. Seguros de la agricultura - 10. Seguro de animales - 11. Seguro de responsabilidad civil - 12. Seguro de transporte - 13. Seguro de personas -- III. Seguro de personas
942 _cBK
590 _aniveau_biblio:m niveau_hierar:0
100 1 _aPiedecasas, Miguel A.
856 4 1 _uhttps://170.210.207.44/pmb/images/libros/L119050.jpg
_yImagen de portada
_qimage/jpeg
999 _c647
_d647